00665cam a2200193 a 450000100100000000500170001000800410002704000230006808200190009110000380011024501330014826000430028130000190032444000190034365000200036265000220038270000390040470000280044300000310320200929150329.0770623s1975 cu 000 0 spa  aDO-SdBNPcDLCdDLC aCu864.4bG958p1 aGuillén, Nicolás,d1902-1989.10aProsa de prisa, 1929-1972 /cNicolás Guillén ; compilador, prólogo y notas, Ángel Augier ; edición, Evaristo García. aLa Habana :bArte y Literatura,c1975. a3 t. ;c24 cm. 0aLetras cubanas 4aEnsayos cubanos 4aLiteratura cubana1 aAugier, Ángel I. ;d1910-ecomp.1 aGarcía, Evaristoeed.